|
|
|
|
| LEADER |
01046nam a2200229 a 4500 |
| 001 |
GR-MES1529 |
| 008 |
991111s1997 xxk 000 b eng d |
| 020 |
|
|
|a 019877477X
|
| 040 |
|
|
|a GrPaTEI
|b gre
|c GR-PaULI
|
| 245 |
0 |
4 |
|a The new european economy revisited /
|c Loukas Tsoukalis.
|
| 260 |
|
|
|a Oxford :
|b Oxford University Press,
|c 1997
|
| 300 |
|
|
|a 306σ.
|
| 500 |
|
|
|a Περιλαμβάνει ευρετήρια.
|
| 650 |
|
4 |
|a Ευρώπη
|
| 650 |
|
4 |
|a Οικονομική πολιτική
|
| 700 |
1 |
|
|a Tsoukalis, Loukas
|
| 710 |
0 |
|
|a хOxford иUniversity Press
|
| 942 |
|
|
|2 ddc
|
| 952 |
|
|
|0 0
|1 0
|2 ddc
|4 0
|6 337_142000000000000_TSO
|7 0
|9 265762
|a MSLG
|b MSLG
|c BSC
|d 2021-01-17
|e 24
|f 0
|g 0.00
|l 0
|o 337.142 TSO
|p 2420000008645
|r 2021-01-17 00:00:00
|t 1
|w 2021-01-17
|y BK15
|x 19991111 0 1
|x GrPaTEI
|
| 952 |
|
|
|0 0
|1 0
|2 ddc
|4 0
|6 337_142000000000000_TSO
|7 0
|9 265763
|a MSLG
|b MSLG
|c BSC
|d 2021-01-17
|e 24
|f 0
|g 0.00
|l 0
|o 337.142 TSO
|p 2420000015996
|r 2021-01-17 00:00:00
|t 1
|w 2021-01-17
|y BK15
|x 20000315 0 1
|x GrPaTEI
|
| 971 |
|
|
|a .b25725725
|b 15-04-20
|c 13-09-16
|
| 999 |
|
|
|c 152769
|d 152769
|